| 000 | 00741nam a22001935i 4500 | ||
|---|---|---|---|
| 001 | 161741 | ||
| 003 | ES-MaACL | ||
| 005 | 20250802062538.0 | ||
| 008 | 041025m18791886uy |||| | spa d | ||
| 040 |
_aCAM _bspa _cCAM |
||
| 100 | 1 |
_aPereira, Antonio N. _9130999 |
|
| 245 | 1 | 0 |
_aEstudio general sobre las bellas letras / _cpor Antonio N. Pereira. |
| 260 |
_aMontevideo : _b[s.n.], _c1879-1886 ( _fTipografía Renaud Reynaud) |
||
| 300 |
_a2 v. (560; 507 p.) ; _c20 cm. |
||
| 596 | _aEl imp. del t.II es Imprenta á vapor y Encuadernacion de El Laurak-Bat. | ||
| 650 | 7 |
_aLiteratura _2embne _9141583 |
|
| 852 |
_aES-MaACL _jG-7137-7138 _z-- Enc. pasta española _z-- Dedicatoria ms. del autor al Ateneo de Madrid |
||
| 999 |
_c161741 _d161741 |
||